Edwin Hubble: the discoverer of the big bang universe (Record no. 11392)

MARC details
000 -LEADER
fixed length control field 00667nam a2200217Ia 4500
003 - CONTROL NUMBER IDENTIFIER
control field IN-BaIIA
008 - FIXED-LENGTH DATA ELEMENTS--GENERAL INFORMATION
fixed length control field 211028s9999 xx 000 0 eng d
020 ## - INTERNATIONAL STANDARD BOOK NUMBER
International Standard Book Number 0-52141617-5
040 ## - CATALOGING SOURCE
Transcribing agency IIA Library
080 ## - UNIVERSAL DECIMAL CLASSIFICATION NUMBER
Universal Decimal Classification number 92:52
Item number SHA
100 ## - MAIN ENTRY--PERSONAL NAME
Personal name Sharov, Alexander S .
9 (RLIN) 19602
245 #0 - TITLE STATEMENT
Title Edwin Hubble: the discoverer of the big bang universe
Statement of responsibility, etc. Alexander S Sharov and D. Novikov Igor
260 ## - PUBLICATION, DISTRIBUTION, ETC.
Place of publication, distribution, etc. U.K.Cambridge
Name of publisher, distributor, etc. Cambridge University Press
650 ## - SUBJECT ADDED ENTRY--TOPICAL TERM
Topical term or geographic name entry element 20th Century
9 (RLIN) 19603
650 ## - SUBJECT ADDED ENTRY--TOPICAL TERM
Topical term or geographic name entry element Astronomy
9 (RLIN) 80
650 ## - SUBJECT ADDED ENTRY--TOPICAL TERM
Topical term or geographic name entry element Biography-Edwin Hubble
9 (RLIN) 19604
650 ## - SUBJECT ADDED ENTRY--TOPICAL TERM
Topical term or geographic name entry element Cosmology
650 ## - SUBJECT ADDED ENTRY--TOPICAL TERM
Topical term or geographic name entry element Edwin Hubble Biography
9 (RLIN) 19605
700 ## - ADDED ENTRY--PERSONAL NAME
Personal name Igor,D.Novikov
9 (RLIN) 19606
942 ## - ADDED ENTRY ELEMENTS (KOHA)
Koha item type Books
Holdings
Withdrawn status Lost status Damaged status Not for loan Home library Current library Shelving location Date acquired Total Checkouts Full call number Barcode Date last seen Price effective from Koha item type
        IIA Library-Bangalore IIA Library-Bangalore General Stacks 25/09/1995   92:52/ SHA 12307 05/11/2021 25/09/1995 Books

Powered by Koha